000 00358nam a2200157Ia 4500
008 221030s9999 xx 000 0 und d
020 _a8170089263
041 _aEnglish
082 _a105.23
100 _aR. K. Rajput
245 0 _aUtilisation of Electrical Power
260 _bLaxmi Pub
_aNew Delhi
_c2007
300 _a707
650 _aEE
942 _cBK
999 _c5629
_d5629